Impresos de teatre castellà dels segles XVI i XVII, a la biblioteca de l'Institut del Teatre / [exposició preparada per Anna Vázquez]
Descripción Física:
[8] p. ; 32 cm
Otros Autores:
Vázquez i Estévez, Anna
MARC
| LEADER | 00000nam a2200000Ia 4500 | ||
|---|---|---|---|
| 001 | 17960 | ||
| 008 | 160829s1986 xx 000 0 cat d | ||
| 080 | |a FU-52-12 | ||
| 110 | 2 | |a Institut del Teatre (Barcelona, Catalunya). |b Biblioteca |9 56290 | |
| 245 | |a Impresos de teatre castellà dels segles XVI i XVII, a la biblioteca de l'Institut del Teatre / [exposició preparada per Anna Vázquez] | ||
| 260 | |a Barcelona : |b Institut del Teatre. Diputació de Barcelona, |c 1986 | ||
| 300 | |a [8] p. ; |c 32 cm | ||
| 590 | |a Catàleg de l'exposició celebrada al Palau Güell de Barcelona, del 17 de juny al 18 d'octubre de 1986 | ||
| 650 | |a Teatre castellà |x S. XVI/XVII |x Exposicions |9 39330 | ||
| 700 | |a Vázquez i Estévez, Anna |9 34611 | ||
| 710 | 1 | |a Barcelona (Catalunya : Província). |b Diputació |9 52408 | |
| 901 | |a Arxiu | ||
| 942 | |n 1 | ||
| 952 | |0 0 |1 0 |4 0 |6 FU5212 |7 1 |9 48949 |a Arxiu |b Arxiu |d 2016-12-01 |l 0 |o FU-52-12 |p 17960 |r 2016-12-01 00:00:00 |w 2016-12-01 |y ARXIU | ||
| 999 | |c 52784 |d 52784 | ||